000 00531nam a2200205Ia 4500
005 20260429112203.0
008 260429s9999||||xx |||||||||||||| ||und||
020 _a9783031913020
041 _aEnglish
082 _a512.7
_bDAV
100 _aDavis, Michael W.
245 0 _aGeometry and topology of coexter groups /
_cMichael W. Davis
250 _a1st ed.
260 _aSwitzerland :
_bSpringer,
_c2025.
300 _axxiii, 582 p.; hb
650 _a Coxeter
650 _a Topology
650 _aGeometry
942 _cTB
999 _c52790
_d52790